ロード中...

Kavithakauthukam /

書誌詳細
第一著者: Ramavarma, Ambalappuzha
言語:Undetermined
出版事項: Kottayam : CBS , 2006.
主題:
LEADER 00728nam a2200193Ia 4500
001 157611
008 170722s9999 xx 000 0 und d
020 |a 8124016933 
100 |a Ramavarma, Ambalappuzha 
245 |a Kavithakauthukam / 
260 |a Kottayam :  |b CBS ,  |c 2006. 
300 |a 76 p. 
653 |a Collections 
653 |a Malayalam Poetry 
923 |d 20080901  |n 000116 
942 |c GEN 
999 |c 137353  |d 137353 
952 |0 0  |1 0  |4 0  |6 O_321NRA21X_P6KRP61  |7 0  |8 KR  |9 193978  |a LIB  |b LIB  |d 2013-03-25  |e D C Books  |o O32,1NRA21x P6(KR)-P6;1  |p 268101  |r 2017-08-12  |v 38.00  |w 2017-08-12  |y GEN 
952 |0 0  |1 0  |4 0  |6 O_321NRA21X_P6KRP61  |7 0  |9 193979  |a LIB  |b LIB  |d 2013-03-25  |e D C Books  |o O32,1NRA21x P6(KR)-P6;1  |p 268102  |r 2017-08-12  |v 38.00  |w 2017-08-12  |y GEN